Aging and the life course : (Record no. 5374)
[ view plain ]
| 000 -LEADER | |
|---|---|
| fixed length control field | 01449cam a22001814a 4500 |
| 020 ## - INTERNATIONAL STANDARD BOOK NUMBER | |
| ISBN | 0072405538 (alk. paper) |
| 022 ## - INTERNATIONAL STANDARD SERIAL NUMBER | |
| ISSN | 9780072405538 |
| 050 00 - CALL NUMBER | |
| Classification number | HQ1061 |
| Item number | .Q33 |
| 100 1# - AUTHOR | |
| Personal name | Quadagno, Jill S. |
| 245 10 - TITLE | |
| Title | Aging and the life course : |
| Remainder of title | an introduction to social gerontology / |
| Statement of responsibility, etc | Jill Quadagno. |
| 250 ## - EDITION | |
| Edition statement | 2nd ed. |
| 260 ## - PUBLICATION INFORMATION | |
| Place of publication | Boston : |
| Name of publisher | McGraw-Hill College, |
| Year of publication | c2002. |
| 300 ## - DESCRIPTION | |
| Number of Pages | xxvi, 543 p. : |
| Other physical details | ill. ; |
| Dimensions | 24 cm. |
| 500 ## - NOTES | |
| General note | Includes bibliographical references and index |
| 505 ## - FORMATTED CONTENTS NOTE | |
| Table of Content | Part 1. Defining the Field. <br/>1. The Field of Social Gerontology. <br/>2. Theories of Aging. <br/>3. Demography of Aging. <br/>4. Old Age and the Welfare State. <br/>Part 2. Interdisciplinary Perspectives on Aging. <br/>5. Historical Perspectives on Aging. <br/>6. Biology of Aging. <br/>7. Psychological Perspectives on Aging. <br/>Part 3. Changes in Social Roles and Relationships. <br/>8. Adult Development and Life Course Transitions. <br/>9. Social Support: Family, Friends, and Religion. <br/>10. Intimacy and Sexuality in Later Life. <br/>11. Work and Retirement. <br/>Part 4. Social Aspects of Individual Aging. <br/>12. Health and Health Care. <br/>13. Caring for the Frail Elderly. <br/>14. Dying, Death and Bereavement. <br/>Part 5. Aging and Society. <br/>15. Aging and Society. <br/>16. Aging and Inequality. <br/>17. The Politics of Aging. Careers Appendix Glossary. References. Web Directory. Acknowledgements. Photo Credits. Name Index. Subject Index. |
| 650 #0 - SUBJECTS | |
| Topical Term | Gerontology. |
| 942 ## - ADDED ENTRY ELEMENTS (KOHA) | |
| Koha item type | Books |
| Withdrawn status | Lost status | Collection code | Home library | Current library | Shelving location | Date acquired | Full call number | Accession Number | Koha item type |
|---|---|---|---|---|---|---|---|---|---|
| Reference | Methodist University Library Main | Methodist University Library Main | General Stacks | 20/01/2005 | HQ1061 .Q33 | 17025 | Books | ||
| Methodist University Library Main | Methodist University Library Main | General Stacks | 20/01/2005 | HQ1061 .Q33 | 17027 | Books | |||
| Methodist University Library Main | Methodist University Library Main | General Stacks | 20/01/2005 | HQ1061 .Q33 | 17028 | Books |